| 000 | 01162cam a22001934a 4500 | ||
|---|---|---|---|
| 005 | 20250605164209.0 | ||
| 008 | 250528s ||||||||||||||||||||||||d | ||
| 035 | _a20173 | ||
| 020 | _a9607509331 | ||
| 040 |
_aGR-AtMCL _bgre _dGR-AtMCL _eAACR2 |
||
| 245 | 1 | _aΚανόνες Ανάθεσης και Εκτέλεσης Μελετών, Έργων Προμηθειών και Εργασιών από τους Ο.Τ.Α. | |
| 260 |
_bΕλληνική Εταιρεία Τοπικής Ανάπτυξης, _c2000 |
||
| 300 | _a136 | ||
| 520 | _aΠρόλογος, Εισαγωγή, Γενκή Θεώρηση, Περιεχόμενο της Μελέτης, Μελέτες, Γενικά, Ανάθεση Μελετών, Εκπόνηση - Έγκριση (Θεώρηση για τους Ο.Τ.Α.), Εποπτεία, Νομοθεσία Εκτέλεσης Έργων σε Δήμους και Κοινότητες, Προυποθέσεις Εκτέλεσης Έργων, Εκτέλεση Έργων Προμήθειες του Ε.Κ.Π.Ο.Τ.Α., Προμήθειες. | ||
| 700 | 1 |
_aΑλεξανδρίτης Π _96225 |
|
| 942 | _cBK | ||
| 999 |
_c5310 _d5310 |
||